Meilleurs sons de Kerchak - Statistiques

Statistiques générales
  • Ce quiz a été pris 673 fois
    286 depuis la dernière actualisation
  • Le résultat moyen est 7 sur 13
Statistiques - réponses
Rang Titres Streams % Correct
1 Peur (ft. Ziak) 55,7M
88%
4 Saison 2 37,8M
79%
6 Tarzan 17,8M
78%
2 Calme toi 49,5M
68%
8 Sabor 14,1M
63%
9 Génération Miracle (ft. Favé) 13,6M
61%
3 NO LÈCHE (ft. Gazo, Favé, Leto) 48,4M
61%
5 Blue 22,2M
56%
7 Roule un autre - A COLORS SHOW 17,4M
37%
11 Beuh R 12,9M
35%
13 Tantor 10,4M
26%
10 7/7 (ft. PLK) 13,2M
18%
12 Match (ft. Mister V) 12,8M
13%
Aucun quiz correspondant
Distribution des résultats
% des personnes avec chaque résultat
Percentile par nombre de réponses
Votre historique - résultats
Vous n’avez pas pris ce quiz depuis la dernière actualisation